01093 a2200169 45000010006000000050017000060080041000230030015000640400040000790800109001192450053002282640044002813000019003255050549003440410008008931000022009015440520260407155817.0260407a1972 arg spa dAR-UNSa-BCEJYS aAR-UNSa-BCEJYSbspacAR-UNSa-BCEJYS a327xRelaciones internacionales. Política internacional. Asuntos internacionales. Política exterior 10aRevolución tecnológica y dependencia externa 1aBuenos Aires :bEdiciones Depalmac1972 a134 p.c21 cm. aI. Tecnologías de posguerra - II. Energía atómica - III. Tecnología espacial y de los misiles - IV. Comunicaciones - V. Transportes - VI. Tecnología de las computadoras - VII. Las nuevas condiciones internacionales - VIII. La estructura y el sistema internacionales - IX. Las tecnologías de posguerra y la proyección global de los centros de poder - X. La interdependencia y la cooperación internacional - XI. La acción externa del Estado y su conducción - XII. El interés nacional y las nuevas condiciones internacionales aspa1 aCampora, Mario A.